| 000 | 004510000a22001690004500 | ||
|---|---|---|---|
| 003 | MACL | ||
| 005 | 20151025111113.0 | ||
| 008 | 151025b xxu||||| |||| 00| 0 eng d | ||
| 040 |
_aMACL _cMACL |
||
| 041 | _aEnglish | ||
| 082 | _a954/BAN | ||
| 100 |
_aBanerjee, Anil Chandra _99195 |
||
| 245 |
_aThe Constitutional History Of India _bVol 2 : 1858 1̜919 |
||
| 260 |
_bMacmillan India _c1978 _aMeerut |
||
| 650 |
_aHistory _916573 |
||
| 942 |
_cBK _k954 _2ddc |
||
| 999 |
_c6864 _d6864 |
||